| 000 | 01627nam0a22003131 4500 | ||
|---|---|---|---|
| 001 | rc\3454915 | ||
| 005 | 20260406184351.0 | ||
| 021 |
_aRU _b[72-21526] |
||
| 035 | _a(NLR Aleph) 007893392 | ||
| 090 |
_a7992304 _c7992304 |
||
| 100 | _a20130115d1972 |||y0rusy50 ca | ||
| 101 | 0 | _arus | |
| 102 | _aRU | ||
| 105 | _ay z ||||| | ||
| 200 | 1 |
_aОсновной экономический закон и развитие социалистического производства _fПод ред. И.И. Кузьминова [и др.] _gАкад. обществ. наук при ЦК КПСС. Кафедра полит. экономии и основ науч. управления соц. экономикой |
|
| 210 |
_aМосква _cМысль _d1972 |
||
| 215 |
_a293 с. _d21 |
||
| 300 | _aНа обороте тит. л. авт.: И.И. Кузьминов, С.В. Рогачев, А.В. Бачурин и др. | ||
| 606 |
_aЭкономические законы социализма _2psbo |
||
| 606 |
_aСоциалистическое производство _2psbo |
||
| 701 | 1 |
_aРогачев _bС.В. |
|
| 701 | 1 |
_aКузьминов _bИ.И. _gИван Иванович _4340 |
|
| 701 | 1 |
_aБачурин _bА.В. |
|
| 712 | 0 | 2 |
_aАкадемия общественных наук _cМосква _bКафедра политической экономии и основ научного управления социалистической экономикой _3RU\NLR\AUTH\889949723 _9395134 |
| 801 | 0 |
_aRU _bNLR _gpsbo |
|
| 801 | 1 |
_aRU _bELAR _2rusmarc |
|
| 852 |
_aNLR _j72-3/2886 |
||
| 942 | _cBOOK | ||
| 980 | _aNB | ||